000 00591nam a2200229Ia 4500
003 OSt
005 20221005115427.0
006 a|||||r|||| 00| 0
007 ta
008 221004b |||||||| |||| 00| 0 eng d
024 _a57135
037 _cTextual
040 _aCRL
_cCRL
_beng
041 _2eng
_aeng
082 _aV2:1:N3, G72
100 _aAndrews C F
245 0 _aChallenge of the North-West frontier
_b A contribution to world peace.
260 _c1937
650 _aHISTORY
942 _hV2:1:N3, G72
_cTEXL
_2cc
999 _c1034796
_d1034796